Myslíte, že musíte čekat v bance? Omyl, crowfunding je tu!

Trh crowdfundingu, alternatívneho spôsobu financovania, začal dramaticky rásť po poslednej finančnej kríze. Logickým vyústením tejto situácie bolo banky obísť a ponúknuť prostredníctvom on-line platforiem možnosť získať peňažné prostriedky od obyčajných ľudí. S nástupom technológii do sveta financií...

Descrizione completa

Salvato in:
Dettagli Bibliografici
Autore principale: Musil, Radek
Natura: Capitolo di libro
Lingua:ceco
Soggetti:
Tags: Aggiungi Tag
Nessun Tag, puoi essere il primo ad aggiungerne!!

MARC

LEADER 00000naa a2200000 4500
001 0240716
005 20180227141452.2
041 0 |a cze 
044 |a CZ 
245 1 0 |a Myslíte, že musíte čekat v bance? Omyl, crowfunding je tu!  |c Radek Musil 
520 |a Trh crowdfundingu, alternatívneho spôsobu financovania, začal dramaticky rásť po poslednej finančnej kríze. Logickým vyústením tejto situácie bolo banky obísť a ponúknuť prostredníctvom on-line platforiem možnosť získať peňažné prostriedky od obyčajných ľudí. S nástupom technológii do sveta financií, sa dá očakávať, že objem tohoto trhu porastie ďalej. Definícia pojmu "crowfunding" a jeho základné štyri druhy. Forma a spôsob spolupráce medzi bankami a crowfundingovým trhom. 
610 2 0 |a financovanie 
610 2 0 |a tvorba kapitálu 
610 2 0 |a investovanie kolektívne 
610 2 0 |a zbierky verejné 
610 2 0 |a kapitál 
610 2 0 |a pôžičky 
100 1 |a Musil, Radek